01023 2200325 4500001002100000005001500021035002000036007000300056008004100059020002200100040002200122082001500144084001700159090002200176100003000198245012600228250002900354300004400383500001100427650004400438850001200482504003300494264003000527336002100557337003000578338002300608999002200631990002200653990002200675INLIS00000000090178420260130111122 a0010-0126000717ta260121s2025 yoia g 1 ind d a978-623-01-3234-6 aYOPDYOGbinderda04223a690.07 a690.07 SIT d aCB-D.11 2025-43930 aSiti ZulaikhahePengarang10aDasar-Dasar Teknik Konstruksi Dan Perumahan :bteknik konstruksi dan perumahan /cPengarang, Siti Zulaikhah, Eddy Saputro aEdisi I, Cetakan I, 2025 axxx,178 halaman :bilustrasi ;c24,5 cm aIndeks 4aTeknik bangunan--xStudi dan pengajaran aYOPDYOG aBibliografi: halaman 169-17131aYogyakarta :bANDI,c2025 2rdacontentateks 2rdamediaatanpa perantara 2rdacarrieravolume aCB-D.11/2025-4393 aCB.D,11/2025-4393 aCB-D.11/2025-4393